• 首页
  • 本馆介绍
  • 公告通知
  • 最新文献
  • 馆藏检索
  • 电子资源
  • 读者导购
  • 参考咨询
  • 我的图书馆
  • 登录
  • 详细信息显示
  • 放入我的书架
  • 预约/预借图书
  • 作者相关作品
  • 分类相关作品
  • 丛书相关作品
  • 出版社相关作品

书目信息

  • 表格格式
  • 工作单格式
  • 卡片格式
题名:
老北京述闻
    
 
作者: 黎晓宏 总主编 ;宗朋 , 刘墨非 主编
分册:   京城会馆
出版信息: 北京   北京出版社  2020
页数: 211页
开本: 23cm
丛书名:
单 册:
中图分类: K291 , K928.71
科图分类:
主题词: 文化史--wen hua shi--北京 , 会馆公所--hui guan gong suo--介绍--北京
电子资源:
ISBN: 978-7-200-15952-3
000 01075nam0 2200301 450
001 2153146816
005 20211018173724.0
010    @a978-7-200-15952-3@dCNY60.00
100    @a20210304d2020 em y0chiy0120 ea
101 0  @achi
102    @aCN@b110000
105    @aa z 000yy
106    @ar
200 1  @a老北京述闻@Alao bei jing shu wen@i京城会馆@f黎晓宏总主编@g宗朋主编@g宗朋,刘墨非编著
210    @a北京@c北京出版社@d2020
215    @a211页@c图,照片@d23cm
304    @a中国人民政治协商会议北京市委员会组织编写
330    @a本书将会馆里革命先驱、政坛领袖、仁人志士、文化巨匠的故事整理出来,把隐藏在古都深处的历史挖掘出来,把这些历史人物的人生轨迹和时代的风云变幻讲述给读者。
517 1  @a京城会馆@Ajing cheng hui guan
606 0  @a文化史@Awen hua shi@y北京
606 0  @a会馆公所@Ahui guan gong suo@x介绍@y北京
690    @aK291@v5
690    @aK928.71@v5
701  0 @a黎晓宏@Ali xiao hong@4总主编
702  0 @a宗朋@Azong peng@4主编@4编著
702  0 @a刘墨非@Aliu mo fei@4编著
801  0 @aCN@b百万庄@c20211018
905    @b1311260-63@dK291@e451@f4
    
    老北京述闻.京城会馆/黎晓宏总主编/宗朋主编/宗朋,刘墨非编著.-北京:北京出版社,2020
    211页:图,照片;23cm
    
    
    ISBN 978-7-200-15952-3:CNY60.00
    本书将会馆里革命先驱、政坛领袖、仁人志士、文化巨匠的故事整理出来,把隐藏在古都深处的历史挖掘出来,把这些历史人物的人生轨迹和时代的风云变幻讲述给读者。
●
相关链接 在E读中查询图书 在五车中查询图书 在当当中查询图书 在豆瓣中查询图书


正题名:老北京述闻     索取号:K291/451         预约/预借

序号 登录号 条形码 馆藏地/架位号 状态 备注
1 1311260   213112601   第二样本阅览室/ [索取号:K291/451] 在馆    
2 1311261   213112610   第二借阅区/ [索取号:K291/451] 在馆    
3 1311262   213112629   第二借阅区/ [索取号:K291/451] 在馆    
4 1311263   213112638   第二借阅区/ [索取号:K291/451] 在馆    
唐山师范学院图书馆 欢迎您!
大连网信软件有限公司© 版权所有